Code of fair competition for the manufacturers of beauty and barber supplies industry as submitted on August 24, 1933.

Bibliographic Details
Corporate Author: United States. National Recovery Administration (Author)
Format: Government Document eBook
Language:English
Published: Washington : United States Government Printing Office, 1933.
Subjects:
Online Access:https://purl.fdlp.gov/GPO/gpo48591

MARC

Tag First Indicator Second Indicator Subfields
LEADER 00000cam a2200000 i 4500
001 in00003450421
005 20211120172358.0
006 m o d f
007 cr bn|||||||||
008 130901s1933 dcu o f000 0 eng c
035 |a (OCoLC)ocn857367618 
040 |a OCLCE  |b eng  |e rda  |e pn  |c OCLCE  |d GPO  |d MvI  |d UtOrBLW 
042 |a pcc 
043 |a n-us--- 
049 |a WWW 
074 |a 9999 (online) 
086 0 |a Y 3.N 21/8:7 SUB.1606-02 
110 1 |a United States.  |b National Recovery Administration,  |e author. 
245 1 0 |a Code of fair competition for the manufacturers of beauty and barber supplies industry as submitted on August 24, 1933. 
246 3 0 |a Manufacturers of beauty and barber supplies industry 
264 1 |a Washington :  |b United States Government Printing Office,  |c 1933. 
300 |a 1 online resource (5 pages) 
336 |a text  |b txt  |2 rdacontent 
337 |a computer  |b c  |2 rdamedia 
338 |a online resource  |b cr  |2 rdacarrier 
500 |a Title from title screen (viewed May 5, 2014). 
500 |a At head of title: National Recovery Administration. 
500 |a Publication pre-dates item numbers. No item number has been assigned. 
500 |a "Registry number 1606-02." 
650 0 |a Beauty shop supplies industry  |x Law and legislation  |z United States. 
650 0 |a Barbershops  |z United States  |x Equipment and supplies. 
776 0 8 |i Print version:  |a United States. National Recovery Administration.  |t Code of fair competition for the manufacturers of beauty and barber supplies industry as submitted on August 24, 1933  |w (OCoLC)647767018 
856 4 0 |u https://purl.fdlp.gov/GPO/gpo48591  |t 0 
999 |a MARS 
999 f f |s a43c8460-6fe0-399b-ba8a-1962a0fe397a  |i d37d1fc6-af9b-32d1-8472-6828cadfee19  |t 0 
952 f f |a Texas A&M University  |b College Station  |c Electronic Resources  |d Available Online  |t 0  |e Y 3.N 21/8:7 SUB.1606-02  |h Superintendent of Documents classification 
998 f f |a Y 3.N 21/8:7 SUB.1606-02  |t 0  |l Available Online